| 000 | 02191nam a22002537a 4500 | ||
|---|---|---|---|
| 999 |
_c59758 _d59758 |
||
| 003 | Ge_BSU | ||
| 005 | 20230411110357.0 | ||
| 008 | 230411s2014 ge ||||| |||| 00| 0 geo d | ||
| 020 | _a9789941066504 | ||
| 041 | _ageo | ||
| 080 | _a725.1:613.41:903.48(479.22) ძ-49 | ||
| 245 |
_aძველი ქართული აბანოები = An ancient georgian bath house = Древние грузинские бани : _b[მონოგრაფია] / _cვ. სადრაძე, მ. ძნელაძე, ე. ღლიღვაშვილი, თ. ხოხობაშვილი ; რედ. ვაჟა სადრაძე ; საქ. ეროვნ. აკად., საქ. ტექნ. უნ-ტთან არსებული სასწ.-სამეცნ. ცენტრი "ქართული კულტურული მემკვიდრეობის შესწავლა და დაცვა". |
||
| 264 |
_aთბილისი, _c2014. |
||
| 300 |
_a138 გვ. : _bილ. ; _c20 სმ. |
||
| 500 | _aყდაზე ავტ. მითითებული არ არიან. | ||
| 501 | _aწინა ყდაზე: როსტომ მეფის აბანო. უკანა ყდაზე: ძალისას აბანოს მოზაიკა, რომაული ხანა. ტერმინთა ნუსხა: გვ. 136-137. | ||
| 504 | _aბიბლიოგრ.: გვ. 131-135. | ||
| 700 |
_aსადრაძე, ვ. (ვაჟა) _eავტორი _917605 |
||
| 700 |
_aხოხობაშვილი, თ. _eავტორი _917606 |
||
| 700 |
_aძნელაძე, მ. _eავტორი _917607 |
||
| 700 |
_aღლიღვაშვილი, ე. _eავტორი _917608 |
||
| 710 |
_aსაქ. ეროვნ. აკადემია _bსაქ. ტექნ. უნ-ტთან არსებული სასწ.-სამეცნ. ცენტრი "ქართული კულტურული მემკვიდრეობის შესწავლა და დაცვა". _917609 |
||
| 942 |
_2udc _cBK |
||